书目信息 |
| 题名: |
Hello C语言
|
|
| 作者: | 郑赟 , 郑洪清 编著 | |
| 分册: | ||
| 出版信息: | 北京 电子工业出版社 2017.7 |
|
| 页数: | 13,351页 | |
| 开本: | 26cm | |
| 丛书名: | ||
| 单 册: | ||
| 中图分类: | TP312.8 | |
| 科图分类: | ||
| 主题词: | C语言--程序设计 | |
| 电子资源: | ||
| ISBN: | 978-7-121-31746-0 | |
| 000 | 00868nam0 2200253 450 | |
| 001 | 0400004114 | |
| 005 | 20171023135135.0 | |
| 010 | @a978-7-121-31746-0@dCNY59.00 | |
| 100 | @a20170905d2017 em y0chiy50 ea | |
| 101 | 0 | @achi |
| 102 | @aCN@b110000 | |
| 105 | @aa z 000yy | |
| 106 | @ar | |
| 200 | 1 | @aHello C语言@9Hello C yu yan@f郑赟, 郑洪清编著 |
| 210 | @a北京@c电子工业出版社@d2017.7 | |
| 215 | @a13,351页@c图@d26cm | |
| 300 | @aHello系列 | |
| 330 | @a本书分为三部分,内容涉及C语言编程环境搭建、初识C语言、减少重复操作——循环语句、分情况处理——分支语句、制造自己的工具——函数、封装相关数据——结构体、组合类型比较——数组与结构体等共18章。 | |
| 606 | 0 | @aC语言@x程序设计 |
| 690 | @aTP312.8@v5 | |
| 701 | 0 | @a郑赟@9zheng bin@4编著 |
| 701 | 0 | @a郑洪清@9zheng hong qing@4编著 |
| 801 | 0 | @aCN@b91MARC@c20171023 |
| 905 | @b1027921-5@dTP312.8@f5@e1140 | |
| Hello C语言/郑赟, 郑洪清编著.-北京:电子工业出版社,2017.7 |
| 13,351页:图;26cm |
| Hello系列 |
| ISBN 978-7-121-31746-0:CNY59.00 |
| 本书分为三部分,内容涉及C语言编程环境搭建、初识C语言、减少重复操作——循环语句、分情况处理——分支语句、制造自己的工具——函数、封装相关数据——结构体、组合类型比较——数组与结构体等共18章。 |
| ● |
| 相关链接 |
|
|
|
|
正题名:Hello C语言
索取号:TP312.8/1140
 
预约/预借
| 序号 | 登录号 | 条形码 | 馆藏地/架位号 | 状态 | 备注 |
| 1 | 1027921 | 210279214 | 第二样本阅览室/ [索取号:TP312.8/1140] | 在馆 | |
| 2 | 1027922 | 210279223 | 密集书库—计算机科学学院/ [索取号:TP312.8/1140] | 在馆 | |
| 3 | 1027923 | 210279232 | 第三借阅区/ [索取号:TP312.8/1140] | 在馆 | |
| 4 | 1027924 | 210279241 | 第三借阅区/ [索取号:TP312.8/1140] | 在馆 | |
| 5 | 1027925 | 210279250 | 第三借阅区/ [索取号:TP312.8/1140] | 在馆 |